Need To Know - Doja Cat Lyrics - Statistics

General Stats
  • This quiz has been taken 719 times
  • The average score is 315 of 466
Answer Stats
Hint Lyrics % Correct
I
100%
know
98%
know,
98%
to
96%
a
95%
need
94%
Need
94%
Baby,
93%
baby
93%
me
93%
me,
93%
me"
93%
me?
93%
like
90%
you,
90%
you
90%
You
90%
what
88%
E.
87%
f*ck
87%
F*ck
87%
2x | Intro Yeah
87%
2x Yeah,
87%
2x yeah,
87%
2x yeah
87%
it
86%
it,
86%
oh
84%
Oh,
84%
go
83%
Chorus Wanna
83%
wanna
83%
your
83%
Your
83%
it's
81%
just
80%
Just
80%
do
79%
night
79%
all
78%
come
77%
he
77%
got
76%
don't
74%
no
74%
of
73%
that
72%
can
71%
the
71%
boy,
70%
ten
70%
show
69%
ride
68%
an
65%
fan
65%
type
65%
at
64%
exciting,
64%
eyes
63%
pen
63%
really
63%
find
62%
if
62%
dick
61%
"Girl,
61%
try
61%
give
60%
Give
60%
could
59%
Could
59%
I'm
58%
out
58%
on
57%
be
56%
feeling
56%
friend
56%
from
56%
we
56%
We
56%
Bridge You're
56%
heard
55%
Then
55%
can't
54%
handle
54%
2x | 3x woah
54%
see
53%
told
53%
was
53%
p*ssy
52%
ass
51%
attack
51%
this
51%
time
51%
panic
50%
wait,
49%
Tell
48%
us
47%
my
45%
both
44%
in
44%
magic?
44%
Verse2 Tryna
44%
Verse1 What's
44%
what's
44%
And
43%
sayin'
43%
erection
42%
fighting
42%
Poof,
42%
sexual
42%
Gotta
41%
likely
41%
most
41%
random
41%
Sorry
41%
with
41%
size?
40%
gave
39%
throw
39%
Alakazam
38%
five
38%
for
38%
his
38%
lotta
37%
mmm
37%
mmm,
37%
pipe
37%
Prolly
37%
Add,
36%
but
36%
choke
36%
Take
36%
take
36%
bite
35%
flexible
35%
help
35%
schedule
35%
tricks
35%
start
34%
subtract,
34%
thinkin'
34%
divide
33%
telekinetic
32%
fantasizin'
31%
get
30%
mean
30%
play
30%
slap
30%
Spank
30%
been
29%
makeup
29%
new
29%
one
29%
up,
29%
write
29%
stand
28%
Daddy
27%
him
27%
sweater
27%
goin'
26%
Hold
26%
ugly
26%
off
25%
saying'
25%
song
25%
danger
24%
favorite
24%
better
23%
'bout
23%
Chuck
23%
curves
23%
Might
23%
n*gga
23%
zone
23%
apron
22%
change
22%
wide
22%
buggin'
21%
cheddar
20%
drink,
20%
Eat
20%
thong
20%
Itchin'
19%
into
18%
wana
18%
wonderin'
18%
'til
16%
sip
15%
Clink
14%
gimme
14%
kink,
11%
wifey's
9%
No matching quizzes found
Score Distribution
Percent of People with Each Score
Percentile by Number Answered
Your Score History
You have not taken this quiz